Welcome to the Holygrace Academy Library

Please use search bar below to get started

THE DAUGHTER FROM A WISHING TREE (Record no. 3570)

MARC details
000 -LEADER
fixed length control field 00652nam a22001457a 4500
020 ## - INTERNATIONAL STANDARD BOOK NUMBER
ISBN 978-0-143-44234-9
082 ## - DEWEY DECIMAL CLASSIFICATION NUMBER
Classification number 823
Item number MUR/D
100 ## - MAIN ENTRY--AUTHOR NAME
Personal name MURTY, SUDHA
245 ## - TITLE STATEMENT
Title THE DAUGHTER FROM A WISHING TREE
Remainder of title UNUSUAL TALES ABOUT WOMEN IN MYTHOLOGY
260 ## - PUBLICATION, DISTRIBUTION, ETC. (IMPRINT)
Place of publication GURGAON
Name of publisher PUFFIN BOOKS
Year of publication 2019
300 ## - PHYSICAL DESCRIPTION
Number of Pages 180
520 ## - SUMMARY, ETC.
Summary, etc They slayed demons and protected their devotees fiercely. From Parvati to Ashokasundari and from Bhamati to Mandodari, this collection features enchanting and fearless women who frequently led wars on behalf of the gods, were the backbone of their families and makers of their own destinies.
650 ## - SUBJECT ADDED ENTRY--TOPICAL TERM
Topical Term NOVEL
Geographic subdivision INDIA
942 ## - ADDED ENTRY ELEMENTS (KOHA)
Koha item type Books
Holdings
Withdrawn status Lost status Collection code Home library Current library Shelving location Date acquired Source of acquisition Cost, normal purchase price Full call number Accession Number Koha item type
    Fiction Main Library Main Library SHELF 14 H ALPHEBETICAL - M-FICTION 28/11/2019 purchase 250.00 823 MUR/D 12123 Books